000 00588nam a2200229Ia 4500
003 OSt
005 20220918185353.0
006 a|||||r|||| 00| 0
007 ta
008 220917b |||||||| |||| 00| 0 eng d
024 _a50,759
037 _cTextual
040 _aARTS
_cARTS
_beng
041 _2eng
_aeng
082 _aP111,J3, K0-;1
100 _aPartridge Eric
_9351
245 0 _aCharm of words
_b Essays and papers on language
260 _c1960
650 _aLINGUISTICS
942 _hP111,J3, K0-;1
_cTEXL
_2CC
999 _c180354
_d180354